000 00618nam a2200253Ia 4500
003 OSt
005 20220924153703.0
006 a|||||r|||| 00| 0
007 ta
008 220923b |||||||| |||| 00| 0 tam d
024 _a351303
037 _cTextual
040 _aARTS
_cARTS
_btam
041 _2tam
_atam
082 _aO31,1xN4, K3
100 _aMuththaiyah Co.
_9229522
245 0 _aPamalai
260 _c1963
300 _a189p.
_ccm.
650 _a TAMIL POETRY
650 _aTAMIL LITERATURE
942 _hO31,1xN4, K3
_cTEXL
_2CC
999 _c474505
_d474505